000 00555nam a2200205Ia 4500
005 20260429112057.0
008 260429s9999||||xx |||||||||||||| ||und||
020 _a9788126939183
041 _aEnglish
082 _a539
_bROY
100 _aRoy, Nikhil Ranjan
245 0 _aElements of nuclear physics /
_cNikhil Ranjan Roy
250 _a1st ed.
260 _aNew Delhi :
_bAtlantic Publishers and Distributors,
_c2024.
300 _axxii, 544 p.; hb
650 _a Nuclear
650 _aPhysics
700 _a Pandey, Rakesh Kumar
942 _cTB
999 _c52226
_d52226